LEADER 01225nam0-22003851i-450- 001 990003079550403321 005 20120905121727.0 010 $a88-7153-225-2 035 $a000307955 035 $aFED01000307955 035 $a(Aleph)000307955FED01 035 $a000307955 100 $a20030910d1994----km-y0itay50------ba 101 0 $aita 102 $aIT 200 1 $aFinanza, moneta e cambi$eIl sistema internazionale tra nuova integrazione e neo-protezionismo$fA cura di Mario Baldassarri, Cesare Imbriani, Dominick Salvatore$gScritti di Branson, de Luzemberger, Fazio...[et al.]. 210 $aRoma$cSIPI$d1994. 215 $a196 p.$d24 cm 225 1 $aMonografie RPE$v18 610 0 $aMercato finanziario 610 0 $aUnione monetaria europea e valute 676 $aO/2.10 702 1$aBaldassarri,$bMario$f<1946- > 702 1$aBranson,$bWilliam H. 702 1$aImbriani,$bCesare$f<1943- > 702 1$aSalvatore,$bDominick$f<1940- > 801 0$aIT$bUNINA$gRICA$2UNIMARC 901 $aBK 912 $a990003079550403321 952 $aISVE F01.7$fDECTS 952 $aO/2.10 BAL/94$b15205$fSES 959 $aDECTS 959 $aSES 996 $aFinanza, moneta e cambi$9459927 997 $aUNINA LEADER 01265nem a2200265 i 4500 001 991003857369707536 007 aj canzn 008 080908s1861 sp dg a 0 spa d 035 $ab13761729-39ule_inst 082 0 $a912.19 100 1 $aCoello, Francisco$d<1822-1898>$0313112 245 10$aSantander$h[Materiale cartografico] /$cpor el coronel, teniente-coronel de ingenieros D. Francisco Coello ; las notas estadísticas è históricas han sido escritas por D. Pascual Madoz ; grabado en Madrid bajo la dirección del autor 255 $a1:200000 260 $aMadrid :$b[s.n.],$c1861 300 $a1 c. geogr. col. rileg. in tela ;$c(79 x 103 cm), ripieg. in 18 x 13 cm. 440 0$aAtlas de España y sus posesiones de Ultramar 500 $aTit. alternativo: Atlas de España y sus posesiones de Ultramar. Diccionario geográfico, estadístico, histórico. 500 $aLongitud del meridiano de Madrid. 700 1 $aMadoz, Pascual$d<1806-1870> 907 $a.b13761729$b02-04-14$c08-09-08 912 $a991003857369707536 945 $aLE023 Ed. preg. XXIX, 8 $g1$iLE009-1437$lle023$o-$pE0.00$q-$rn$so $t0$u0$v0$w0$x0$y.i14822714$z08-09-08 996 $aSantander$91228546 997 $aUNISALENTO 998 $ale023$b08-09-08$cm$de $eo$fspa$gsp $h0$i0